[Event "22. Copenhagen Open  (Politiken Cup)"]
[Site "Copenhagen"]
[Date "2000.07.26"]
[Round "9"]
[White "Trarup, Jorgen"]
[Black "Auchenberg, Einar"]
[Result "0-1"]
[WhiteElo "1309"]
[BlackElo "1692"]
[PlyCount "71"]
[EventDate "2000.07.17"]
[EventType "swiss"]
[EventRounds "11"]
[EventCountry "DEN"]
[SourceDate "2004.01.01"]

1. e4 e5 2. Nf3 Nc6 3. c3 Nf6 4. d3 d6 5. Be2 Be7 6. Bg5 h6 7. Bxf6 Bxf6 8. Na3
a6 9. Nc2 b5 10. Ne3 Ne7 11. a4 Bb7 12. axb5 axb5 13. Rxa8 Qxa8 14. O-O O-O 15.
Qa1 g6 16. Qxa8 Rxa8 17. h4 Ra2 18. Rb1 Bg7 19. g4 d5 20. exd5 Nxd5 21. Nxd5
Bxd5 22. Nd2 c5 23. Bf3 Be6 24. Bd1 f5 25. gxf5 gxf5 26. Bb3 Ra6 27. Bxe6+ Rxe6
28. Kh2 Rd6 29. Nb3 Rxd3 30. Nxc5 Rd2 31. Kg3 Kf7 32. Kf3 Rd5 33. Nb3 Rd3+ 34.
Kg2 Bf8 35. Re1 Kf6 36. Re3 {Resten er ulseligt - men sort vandt.} 0-1

[Event "22. Copenhagen Open  (Politiken Cup)"]
[Site "Copenhagen"]
[Date "2000.07.26"]
[Round "9"]
[White "Ward, Christopher"]
[Black "Rasmussen, Allan Stig"]
[Result "1-0"]
[WhiteElo "2508"]
[BlackElo "2199"]
[PlyCount "55"]
[EventDate "2000.07.17"]
[EventType "swiss"]
[EventRounds "11"]
[EventCountry "DEN"]
[SourceDate "2004.01.01"]

1. d4 f5 2. Bg5 h6 3. Bh4 g5 4. e4 Bg7 5. Bg3 f4 6. Bxf4 gxf4 7. Qh5+ Kf8 8.
Qf5+ Nf6 9. e5 d6 10. Qxf4 dxe5 11. dxe5 Nc6 12. Nf3 Qd5 13. exf6 Qe6+ 14. Be2
Bxf6 15. Nc3 Kg7 16. O-O Bxc3 17. Bc4 Qg6 18. bxc3 Rf8 19. Qe3 Qf6 20. Rfe1 Bf5
21. Bd5 Rae8 22. Nd4 Nd8 23. Qg3+ Kh8 24. Qxc7 Bxc2 25. Nxc2 Qxf2+ 26. Kh1 Qxc2
27. Qe5+ Rf6 28. Qxf6+ 1-0

[Event "22. Copenhagen Open  (Politiken Cup)"]
[Site "Copenhagen"]
[Date "2000.07.26"]
[Round "9"]
[White "Wiman, Kenneth"]
[Black "Karlstrom, Henrik"]
[Result "1-0"]
[WhiteElo "1895"]
[BlackElo "1296"]
[PlyCount "105"]
[EventDate "2000.07.17"]
[EventType "swiss"]
[EventRounds "11"]
[EventCountry "DEN"]
[SourceDate "2004.01.01"]

1. e4 c5 2. Nf3 d6 3. d4 cxd4 4. Nxd4 Nf6 5. Nc3 g6 6. Be3 Bg7 7. f3 O-O 8. Qd2
Nc6 9. O-O-O Bd7 10. Kb1 Rc8 11. g4 Ne5 12. h4 Nc4 13. Bxc4 Rxc4 14. h5 Qc7 15.
hxg6 fxg6 16. Bh6 Rc8 17. Bxg7 Kxg7 18. Nd5 Nxd5 19. exd5 Rh8 20. Rde1 Qd8 21.
b3 Rc7 22. Qh6+ Kg8 23. f4 Qf8 24. Qxf8+ Kxf8 25. f5 gxf5 26. gxf5 Rc5 27. c4
b5 28. Rc1 bxc4 29. bxc4 Kf7 30. Ne6 Bxe6 31. fxe6+ Ke8 32. Kb2 Rc8 33. Kc3 h6
34. Kd4 Rh7 35. Rhg1 Kd8 36. Rc3 Kc7 37. Ra3 Kb7 38. Rb1+ Ka8 39. Rf3 Rhh8 40.
Rf7 Rce8 41. c5 dxc5+ 42. Kxc5 Rc8+ 43. Kd4 Rc7 44. Rg1 Kb8 45. Rgg7 Re8 46. d6
Rc6 47. d7 Rd6+ 48. Ke5 Rd8 49. Rxe7 Kc7 50. Re8 Rb6 51. Rxd8 Kxd8 52. Rg8+ Kc7
53. d8=Q+ 1-0

[Event "22. Copenhagen Open  (Politiken Cup)"]
[Site "Copenhagen"]
[Date "2000.07.26"]
[Round "9"]
[White "Osttveit, Martin"]
[Black "Resika, Nathan A"]
[Result "1/2-1/2"]
[WhiteElo "2079"]
[BlackElo "2267"]
[PlyCount "33"]
[EventDate "2000.07.17"]
[EventType "swiss"]
[EventRounds "11"]
[EventCountry "DEN"]
[SourceDate "2004.01.01"]

1. g3 g6 2. Bg2 Bg7 3. Nf3 e5 4. d3 d6 5. O-O f5 6. c4 Nf6 7. Nc3 O-O 8. Rb1 a5
9. a3 c6 10. b4 Nh5 11. b5 e4 12. dxe4 Bxc3 13. Qb3 Bf6 14. bxc6 bxc6 15. c5+
d5 16. exd5 Kh8 17. Rd1 1/2-1/2

[Event "22. Copenhagen Open  (Politiken Cup)"]
[Site "Copenhagen"]
[Date "2000.07.27"]
[Round "10"]
[White "Adamski, Jan"]
[Black "Hillarp Persson, Tiger"]
[Result "1-0"]
[WhiteElo "2381"]
[BlackElo "2549"]
[PlyCount "59"]
[EventDate "2000.07.17"]
[EventType "swiss"]
[EventRounds "11"]
[EventCountry "DEN"]
[SourceDate "2004.01.01"]

1. Nf3 d6 2. d4 g6 3. c4 Bg7 4. Nc3 Nf6 5. e4 O-O 6. Be2 e5 7. O-O Nc6 8. Be3
Ng4 9. Bg5 f6 10. Bc1 f5 11. Bg5 Qe8 12. dxe5 dxe5 13. Nd5 Qf7 14. Bd2 h6 15.
Bd3 Re8 16. Qc2 f4 17. c5 Be6 18. Bb5 g5 19. h3 Nf6 20. Bxc6 bxc6 21. Nxe5 Qh5
22. Nxc7 f3 23. Nxf3 Bxh3 24. gxh3 Rxe4 25. Qb3+ Kh8 26. Nxa8 Qxh3 27. Nh2 Qf5
28. Rae1 Rh4 29. Qb8+ Kh7 30. Bc3 1-0

[Event "22. Copenhagen Open  (Politiken Cup)"]
[Site "Copenhagen"]
[Date "2000.07.27"]
[Round "10"]
[White "Al Saad, Mofid"]
[Black "Pedersen, Christian Kyndel"]
[Result "0-1"]
[WhiteElo "1496"]
[BlackElo "2127"]
[PlyCount "50"]
[EventDate "2000.07.17"]
[EventType "swiss"]
[EventRounds "11"]
[EventCountry "DEN"]
[SourceDate "2004.01.01"]

1. c4 e5 2. Nc3 d6 3. g3 f5 4. Bg2 Nf6 5. d3 c6 6. Nh3 g6 7. a4 a5 8. f4 Bg7 9.
Rb1 O-O 10. Ng5 Qb6 11. h3 Nh5 12. Nf3 Nxg3 13. e4 Nxh1 14. Bxh1 fxe4 15. Nxe4
Bxh3 16. Qe2 exf4 17. Qh2 Bg4 18. Nfg5 h6 19. Bf3 Bxf3 20. Nxf3 d5 21. c5 Qb3
22. Nd6 Qxd3 23. Kf2 Qxb1 24. Bxf4 Qxb2+ 25. Bd2 Qxd2+ 0-1

[Event "22. Copenhagen Open  (Politiken Cup)"]
[Site "Copenhagen"]
[Date "2000.07.27"]
[Round "10"]
[White "Andersen, Finn"]
[Black "Andersen, Preben"]
[Result "1/2-1/2"]
[WhiteElo "1531"]
[BlackElo "2030"]
[PlyCount "102"]
[EventDate "2000.07.17"]
[EventType "swiss"]
[EventRounds "11"]
[EventCountry "DEN"]
[SourceDate "2004.01.01"]

1. e4 c5 2. d4 cxd4 3. c3 d3 4. c4 g6 5. Bxd3 Bg7 6. Nc3 Nc6 7. Nf3 d6 8. h3
Nf6 9. Bf4 O-O 10. O-O Nd7 11. Qd2 Nde5 12. Be2 Nxf3+ 13. Bxf3 Nd4 14. Be2
Nxe2+ 15. Nxe2 Be6 16. Rac1 Rc8 17. b3 f5 18. Nd4 Bd7 19. exf5 Bxf5 20. Bh6 Qd7
21. Bxg7 Kxg7 22. Qc3 e5 23. Nxf5+ gxf5 24. f4 Qe6 25. Rcd1 Kg8 26. Qb4 Rcd8
27. Qxb7 Rd7 28. Qd5 Qxd5 29. cxd5 e4 30. Rc1 h5 31. Rc6 Rb8 32. Kf2 Rb5 33.
Rd1 a5 34. Rd4 Kf7 35. Rc8 Ke7 36. Ke3 a4 37. Rxa4 Rxd5 38. Rc3 Rd1 39. Rac4 d5
40. Rd4 Re1+ 41. Kf2 Ra1 42. Rc2 Kd6 43. Ra4 Ke7 44. Rc5 d4 45. Re5+ Kf6 46.
Ra6+ Kg7 47. Ree6 d3 48. Rg6+ Kf7 49. Rh6 Kg7 50. Rhg6+ Kf7 51. Rh6 Kg7 $11
1/2-1/2

[Event "22. Copenhagen Open  (Politiken Cup)"]
[Site "Copenhagen"]
[Date "2000.07.27"]
[Round "10"]
[White "Andersen, Matias Lolk"]
[Black "Wiman, Kenneth"]
[Result "0-1"]
[WhiteElo "1096"]
[BlackElo "1895"]
[PlyCount "82"]
[EventDate "2000.07.17"]
[EventType "swiss"]
[EventRounds "11"]
[EventCountry "DEN"]
[SourceDate "2004.01.01"]

1. e4 e6 2. d4 d5 3. e5 c5 4. c3 Nc6 5. Bb5 Bd7 6. Bxc6 Bxc6 7. Nf3 cxd4 8.
cxd4 Bb5 9. a3 Ne7 10. Nc3 Ba6 11. Be3 Nf5 12. Qa4+ Qd7 13. Qxd7+ Kxd7 14. Kd2
f6 15. Rhe1 Be7 16. Rad1 Rac8 17. Kc1 Bxa3 18. Kb1 Bb4 19. Rc1 Rc6 20. exf6
gxf6 21. Bg5 fxg5 22. Ne5+ Kc7 23. Nxc6 bxc6 24. Rxe6 Bd3+ 25. Ka2 Kd7 26. Ree1
Nxd4 27. Red1 Bc4+ 28. Kb1 Ne2 29. Nxe2 Bxe2 30. Rd4 Rb8 31. Rc2 Bh5 32. Ka1
Rb6 33. f3 Bd6 34. Ra4 a6 35. Ka2 c5 36. Rc3 d4 37. Ka1 Bg6 38. Rd3 Bxh2 39.
Ra5 Kd6 40. Rda3 Be5 41. Ka2 Rxb2+ 0-1

[Event "22. Copenhagen Open  (Politiken Cup)"]
[Site "Copenhagen"]
[Date "2000.07.27"]
[Round "10"]
[White "Andersen, Rune"]
[Black "Schultz Pedersen, Jesper"]
[Result "0-1"]
[WhiteElo "2077"]
[BlackElo "2215"]
[PlyCount "80"]
[EventDate "2000.07.17"]
[EventType "swiss"]
[EventRounds "11"]
[EventCountry "DEN"]
[SourceDate "2004.01.01"]

1. d4 d5 2. c4 Nc6 3. Nc3 e6 4. Nf3 Nf6 5. Bg5 Be7 6. e3 O-O 7. Rc1 a6 8. Bd3
dxc4 9. Bxc4 h6 10. Bh4 b5 11. Bd3 Bb7 12. Bxf6 Bxf6 13. Ne4 Nb4 14. Bb1 Bxe4
15. Bxe4 Rc8 16. a3 Nd5 17. O-O c5 18. Bb1 cxd4 19. Qd3 g6 20. Nxd4 Qb6 21.
Rcd1 Rfd8 22. Qb3 Rc5 23. Nf3 Qc7 24. e4 Nb6 25. Rxd8+ Bxd8 26. Qe3 Kh7 27. h4
Bf6 28. e5 Nc4 29. Qf4 Bxe5 30. Nxe5 Nxe5 31. h5 Kg7 32. hxg6 Rc4 33. Qg3 Nxg6
34. Qd3 Qe5 35. Ba2 Rg4 36. Qf3 h5 37. g3 Qxb2 38. Bb1 Qf6 39. Qb7 h4 40. Bd3
hxg3 0-1

[Event "22. Copenhagen Open  (Politiken Cup)"]
[Site "Copenhagen"]
[Date "2000.07.27"]
[Round "10"]
[White "Andreasen, Per Naesby"]
[Black "Mortensen, Erling"]
[Result "0-1"]
[WhiteElo "2293"]
[BlackElo "2438"]
[PlyCount "94"]
[EventDate "2000.07.17"]
[EventType "swiss"]
[EventRounds "11"]
[EventCountry "DEN"]
[SourceDate "2004.01.01"]

1. Nf3 Nf6 2. d4 g6 3. Nbd2 d5 4. e3 Bg7 5. Bd3 c5 6. c3 Nbd7 7. O-O O-O 8. b3
Qc7 9. Bb2 e5 10. dxe5 Nxe5 11. Nxe5 Qxe5 12. Nf3 Qe7 13. c4 $11 Rd8 14. Qe2
Bg4 15. cxd5 Nxd5 16. Bxg7 Kxg7 17. Rac1 Rac8 18. Bc4 Qf6 19. Bxd5 Rxd5 20. Rc4
Bxf3 21. Qxf3 Qxf3 22. gxf3 Rd2 23. a4 a5 24. Rfc1 b6 25. R1c2 Rcd8 26. f4 Rxc2
27. Rxc2 Kf6 28. Kf1 Kf5 29. Ke2 Kg4 30. Rc1 f5 31. h4 Rd7 32. Rg1+ Kh5 33. f3
Kxh4 34. e4 Kh3 35. Ke3 Kh2 36. Rg5 Re7 37. Kd3 Rd7+ 38. Kc3 fxe4 39. fxe4 Rd4
40. Re5 Kg3 41. f5 gxf5 42. exf5 Rf4 43. Re7 h5 44. Rf7 Kg4 45. f6 Kg5 46. Rg7+
Kxf6 47. Rb7 Rb4 0-1

[Event "22. Copenhagen Open  (Politiken Cup)"]
[Site "Copenhagen"]
[Date "2000.07.27"]
[Round "10"]
[White "Antonsen, Mikkel"]
[Black "Rossen, Claus"]
[Result "1-0"]
[WhiteElo "2377"]
[BlackElo "2167"]
[PlyCount "81"]
[EventDate "2000.07.17"]
[EventType "swiss"]
[EventRounds "11"]
[EventCountry "DEN"]
[SourceDate "2004.01.01"]

1. d4 Nf6 2. c4 e5 3. dxe5 Ne4 4. a3 Nc6 5. Nf3 d6 6. Qc2 Nc5 7. b4 Ne6 8. Bb2
dxe5 9. e3 f6 10. Bd3 g6 11. Nc3 Bg7 12. O-O-O Bd7 13. h4 f5 14. Be2 e4 15. Ng5
Nxg5 16. hxg5 Qxg5 17. Nxe4 Qe7 18. Nc5 O-O-O 19. Bf3 Be8 20. Rxd8+ Nxd8 21.
Rd1 Bc6 22. Kb1 Bxf3 23. gxf3 Bxb2 24. Qxb2 Re8 25. Rd7 Qe5 26. Qxe5 Rxe5 27.
Rxh7 a5 28. Rg7 axb4 29. axb4 f4 30. e4 b6 31. Nd3 Re6 32. Nxf4 Rf6 33. Nd5
Rxf3 34. Rxc7+ Kb8 35. Rg7 b5 36. Rg8 Kc8 37. c5 Kd7 38. Rxg6 Rxf2 39. Rd6+ Ke8
40. c6 Rf1+ 41. Kc2 1-0

[Event "22. Copenhagen Open  (Politiken Cup)"]
[Site "Copenhagen"]
[Date "2000.07.27"]
[Round "10"]
[White "Auchenberg, Einar"]
[Black "Jorgensen, Orla Eilegaard"]
[Result "0-1"]
[WhiteElo "1692"]
[BlackElo "1297"]
[PlyCount "108"]
[EventDate "2000.07.17"]
[EventType "swiss"]
[EventRounds "11"]
[EventCountry "DEN"]
[SourceDate "2004.01.01"]

1. e4 d6 2. Nc3 g6 3. f4 Nf6 4. Nf3 Bg7 5. Bc4 Bg4 6. h3 Bxf3 7. Qxf3 Nc6 8. d3
Nd4 9. Qf2 c5 10. Be3 Nc6 11. a3 O-O 12. g4 e6 13. Rb1 d5 14. Bxc5 dxc4 15.
Bxf8 Qxf8 16. e5 Nd7 17. d4 Rd8 18. Ne2 Ne7 19. b4 b5 20. Nc3 a6 21. Ne4 f6 22.
O-O f5 23. Ng5 Rc8 24. Nxe6 Qf7 25. Nc5 Nb6 26. e6 Qf6 27. c3 fxg4 28. hxg4
Nbd5 29. Rbe1 Nxc3 30. Re5 Nc6 31. Ne4 Nxe4 32. Rxe4 Nxd4 33. e7 Re8 34. Rd1
Nc6 35. Qc5 Nxe7 36. g5 Qf7 37. Rd7 Bf8 38. Qe5 Qf5 39. Rxe7 Qg4+ 40. Kf2 Rxe7
41. Qd5+ Rf7 42. Ke1 Qg3+ 43. Ke2 Qg2+ 44. Kd1 Qg4+ 45. Kc2 Qf5 46. Qe6 Qxe6
47. Rxe6 Rxf4 48. Rxa6 Rf5 49. a4 bxa4 50. Ra5 Rxa5 51. bxa5 Bc5 52. Kc3 a3 53.
a6 h5 54. Kxc4 Ba7 0-1

[Event "22. Copenhagen Open  (Politiken Cup)"]
[Site "Copenhagen"]
[Date "2000.07.27"]
[Round "10"]
[White "Auchenberg, Per"]
[Black "Christensen, Verner"]
[Result "1-0"]
[WhiteElo "2006"]
[BlackElo "1761"]
[PlyCount "83"]
[EventDate "2000.07.17"]
[EventType "swiss"]
[EventRounds "11"]
[EventCountry "DEN"]
[SourceDate "2004.01.01"]

1. f4 e5 2. fxe5 d6 3. exd6 Bxd6 4. Nf3 Nf6 5. Nc3 O-O 6. e3 Re8 7. Bd3 Nc6 8.
Nb5 Bg4 9. Nxd6 Qxd6 10. O-O Rad8 11. Be2 Bc8 12. Qe1 Ne5 13. Nxe5 Rxe5 14. d3
Bg4 15. Rxf6 Qxf6 16. Bxg4 Rg5 17. Qe2 Qg6 18. Bf3 Re8 19. e4 Rge5 20. Be3 Qa6
21. Bd4 R5e7 22. Qf2 Qg6 23. Rf1 b6 24. Qg3 c5 25. Qxg6 hxg6 26. Bc3 f6 27. a4
Kh7 28. b3 Rc7 29. h4 Kh6 30. Kh2 Kh7 31. Kg3 a5 32. Rh1 Rf7 33. Bg4 Rff8 34.
h5 g5 35. Bf5+ Kh6 36. Kg4 Rd8 37. Bg6 Rb8 38. Rf1 b5 39. Rf5 c4 40. Bd2 bxa4 {
[#]} 41. Rxg5 fxg5 42. Bxg5# 1-0

[Event "22. Copenhagen Open  (Politiken Cup)"]
[Site "Copenhagen"]
[Date "2000.07.27"]
[Round "10"]
[White "Bekker Jensen, Simon"]
[Black "Christensen, Stefan"]
[Result "1-0"]
[WhiteElo "2388"]
[BlackElo "2176"]
[PlyCount "63"]
[EventDate "2000.07.17"]
[EventType "swiss"]
[EventRounds "11"]
[EventCountry "DEN"]
[SourceDate "2004.01.01"]

1. d4 Nf6 2. c4 e6 3. Nc3 Bb4 4. e3 b6 5. Nge2 Ba6 6. Ng3 Bxc3+ 7. bxc3 d5 8.
cxd5 Bxf1 9. Kxf1 Qxd5 10. Qd3 Nc6 11. e4 Qd7 12. Bg5 h5 13. h4 Na5 14. Qf3 Nc4
15. e5 Nd5 16. Nxh5 Rg8 17. Kg1 Qb5 18. Kh2 Qb2 19. Rhc1 Rb8 20. Nf4 Qb5 21.
Rab1 Qd7 22. Nh5 b5 23. Qd3 Qc6 24. a4 a6 25. Ng3 Kd7 26. Ne4 f6 27. Nc5+ Kc8
28. Qh7 Qe8 29. exf6 gxf6 {[#]} 30. Re1 fxg5 31. Rxe6 Qd8 32. Qf5 1-0

[Event "22. Copenhagen Open  (Politiken Cup)"]
[Site "Copenhagen"]
[Date "2000.07.27"]
[Round "10"]
[White "Bering, Anders"]
[Black "Erlandsen, Carsten"]
[Result "1/2-1/2"]
[WhiteElo "1943"]
[BlackElo "2165"]
[PlyCount "32"]
[EventDate "2000.07.17"]
[EventType "swiss"]
[EventRounds "11"]
[EventCountry "DEN"]
[SourceDate "2004.01.01"]

1. e4 e5 2. Nf3 d6 3. d4 Nf6 4. dxe5 Nxe4 5. Qd5 Nc5 6. Bg5 Be7 7. exd6 Qxd6 8.
Nc3 O-O 9. O-O-O Ne6 10. Bxe7 Qxe7 11. Bd3 Nd7 12. Rhe1 Qc5 13. Bf5 Nf6 14.
Qxc5 Nxc5 15. Bxc8 Raxc8 16. Nd5 Nxd5 $11 1/2-1/2

[Event "22. Copenhagen Open  (Politiken Cup)"]
[Site "Copenhagen"]
[Date "2000.07.27"]
[Round "10"]
[White "Bogdanov, Dimitri"]
[Black "Andersen, Tom Juul"]
[Result "1-0"]
[WhiteElo "2093"]
[BlackElo "2106"]
[PlyCount "45"]
[EventDate "2000.07.17"]
[EventType "swiss"]
[EventRounds "11"]
[EventCountry "DEN"]
[SourceDate "2004.01.01"]

1. e4 c5 2. Nc3 Nc6 3. f4 g6 4. Nf3 Bg7 5. Bb5 Nd4 6. O-O a6 7. Bd3 d6 8. Nxd4
Bxd4+ 9. Kh1 b5 10. Ne2 Bg4 11. c3 c4 12. Bxc4 Bb6 13. Bd5 Rc8 14. Bb7 Rc5 15.
d4 Rh5 16. Bc6+ Kf8 17. Qe1 Qc7 18. d5 f5 19. Ng3 fxe4 20. Nxh5 gxh5 21. f5 h4
22. Qxe4 Nf6 23. Bh6+ 1-0

[Event "22. Copenhagen Open  (Politiken Cup)"]
[Site "Copenhagen"]
[Date "2000.07.27"]
[Round "10"]
[White "Brondum, Jan Kraul"]
[Black "Dencker, Martin"]
[Result "1/2-1/2"]
[WhiteElo "1452"]
[BlackElo "1331"]
[PlyCount "44"]
[EventDate "2000.07.17"]
[EventType "swiss"]
[EventRounds "11"]
[EventCountry "DEN"]
[SourceDate "2004.01.01"]

1. g3 e5 2. d3 d5 3. Bg2 Nf6 4. Nf3 Nc6 5. O-O Bc5 6. Nc3 h6 7. Na4 Be7 8. c4
Be6 9. cxd5 Nxd5 10. Nc3 g5 11. Qa4 Nb6 12. Qc2 g4 13. Ne1 h5 14. Be3 h4 15. f4
hxg3 16. hxg3 exf4 17. Bxf4 Bc5+ 18. e3 Nd5 19. Nxd5 Bxd5 20. Qxc5 Bxg2 21.
Nxg2 Qd7 22. Bg5 Rh5 1/2-1/2

[Event "22. Copenhagen Open  (Politiken Cup)"]
[Site "Copenhagen"]
[Date "2000.07.27"]
[Round "10"]
[White "Baekgaard, Martin"]
[Black "Fant, Goran"]
[Result "1-0"]
[WhiteElo "2170"]
[BlackElo "2062"]
[PlyCount "79"]
[EventDate "2000.07.17"]
[EventType "swiss"]
[EventRounds "11"]
[EventCountry "DEN"]
[SourceDate "2004.01.01"]

1. e4 e6 2. d3 d5 3. Nd2 Bd6 4. Ngf3 Nc6 5. g3 Nge7 6. Bg2 e5 7. O-O Bg4 8. h3
Bh5 9. c3 d4 10. g4 Bg6 11. cxd4 exd4 12. Nb3 h5 13. g5 h4 14. Nbxd4 Nxd4 15.
Nxd4 Bh2+ 16. Kxh2 Qxd4 17. Be3 Qd6+ 18. Kh1 O-O-O 19. d4 Qe6 20. d5 Qe5 21.
Qa4 a6 22. f4 Qd6 23. Rac1 Kb8 24. f5 Bh5 25. Bf4 Qd7 26. Bxc7+ Ka8 27. Qa5 Rc8
28. Rf2 f6 29. Bf1 Be8 30. b3 Rxc7 31. Qxc7 fxg5 32. f6 gxf6 33. Rxf6 Qxc7 34.
Rxc7 Ng6 35. Rc8+ Ka7 36. Rxg6 Rf8 37. Rxe8 Rxe8 38. Bd3 Rc8 39. d6 Kb8 40. e5
1-0

[Event "22. Copenhagen Open  (Politiken Cup)"]
[Site "Copenhagen"]
[Date "2000.07.27"]
[Round "10"]
[White "Bohlke, Christian"]
[Black "Roder, Peter Ulrik"]
[Result "1/2-1/2"]
[WhiteElo "2052"]
[BlackElo "2167"]
[PlyCount "46"]
[EventDate "2000.07.17"]
[EventType "swiss"]
[EventRounds "11"]
[EventCountry "DEN"]
[SourceDate "2004.01.01"]

1. d4 Nf6 2. Nc3 c5 3. d5 d6 4. e4 g6 5. f4 Bg7 6. Bb5+ Nbd7 7. Nf3 a6 8. Bxd7+
Nxd7 9. a4 O-O 10. O-O Nf6 11. e5 Ne8 12. h3 Nc7 13. Be3 Rb8 14. Qd2 b5 15.
axb5 axb5 16. Ne4 Bb7 17. f5 Nxd5 18. Bh6 dxe5 19. Bxg7 Kxg7 20. Nxe5 Nf6 21.
Qxd8 Rfxd8 22. Nxc5 Rd5 23. Ned3 Bc8 1/2-1/2

[Event "22. Copenhagen Open  (Politiken Cup)"]
[Site "Copenhagen"]
[Date "2000.07.27"]
[Round "10"]
[White "Carstensen, Jacob"]
[Black "Eriksson, Johan"]
[Result "1-0"]
[WhiteElo "2254"]
[BlackElo "2369"]
[Annotator "Jacob Carstensen"]
[PlyCount "57"]
[EventDate "2000.07.17"]
[EventType "swiss"]
[EventRounds "11"]
[EventCountry "DEN"]
[SourceDate "2004.01.01"]

1. d4 Nf6 2. c4 g6 {Tidligere i turneringen har Johan kun spillet c5} 3. Nc3 d5
4. Nf3 Bg7 5. Qb3 dxc4 6. Qxc4 O-O 7. e4 Na6 8. Qb3 c5 9. d5 e6 10. Be2 $11 {
Jeg var usikker pa teorien og tilbod remis} exd5 11. exd5 Nb4 12. O-O Nbxd5 13.
Nxd5 (13. Rd1 Nxc3 14. Rxd8 Nxe2+ 15. Kf1 Rxd8 $17) 13... Qxd5 14. Bc4 Qf5 15.
Re1 Nd7 {Sort er tvunget til at vanskeliggore sin egen udvikling} (15... Ne8
16. Re7 $1 {med kompensation}) 16. Bd3 Qf6 (16... Qh5 17. Ng5 Ne5 18. Be2 $18)
17. Rb1 h6 (17... Qb6 18. Qc2 {og hvid vinder c5}) 18. Bd2 Qd6 19. Rbd1 Qb6 20.
Qc4 Qc6 $2 (20... Qxb2 21. Bxg6 Nb6 22. Bxf7+ Rxf7 (22... Kh8 23. Qh4 Qf6 24.
Qxf6 Bxf6 25. Bg6 $16) 23. Re8+ Bf8 24. Rxf8+ Kxf8 25. Bxh6+ Kg8 (25... Ke8 26.
Qe4+ $18) 26. Rd8+ $18) 21. Be4 Nb6 22. Qc1 Qb5 23. Bxh6 Bxh6 $4 $11 (23...
Bxb2 $4 24. Qb1 $18) (23... Qxb2 24. Qxb2 Bxb2 25. Bxf8 $16) 24. Qxh6 Qxb2 {[#]
} 25. Rd4 $3 {Game over} Re8 (25... Nd7 26. Bxg6 Nf6 27. Rh4 $1 {med mat i fa})
26. Bxg6 Rxe1+ 27. Nxe1 Be6 28. Bh7+ Kh8 29. Bf5+ 1-0

[Event "22. Copenhagen Open  (Politiken Cup)"]
[Site "Copenhagen"]
[Date "2000.07.27"]
[Round "10"]
[White "Damgaard, Sven"]
[Black "Pedersen, Kaj Vinding"]
[Result "1-0"]
[WhiteElo "1887"]
[BlackElo "1619"]
[PlyCount "57"]
[EventDate "2000.07.17"]
[EventType "swiss"]
[EventRounds "11"]
[EventCountry "DEN"]
[SourceDate "2004.01.01"]

1. d4 Nf6 2. c4 e5 3. dxe5 Ng4 4. Nf3 Nc6 5. e4 Bb4+ 6. Bd2 Qe7 7. Nc3 Bxc3 8.
Bxc3 Ngxe5 9. Nxe5 Nxe5 10. Be2 d6 11. O-O O-O 12. f4 Nc6 13. Bd3 f5 14. Qf3
fxe4 15. Bxe4 Bf5 16. Bd5+ Kh8 17. g4 Bg6 18. Rae1 Qd7 19. Be6 Qd8 20. f5 Bf7
21. f6 g6 22. Qf4 Ne5 23. Qh6 Rg8 24. Rxe5 dxe5 25. Bxf7 Qf8 26. Qxf8 Rgxf8 27.
Be6 h6 28. Bxe5 Kh7 29. Bxc7 1-0

[Event "22. Copenhagen Open  (Politiken Cup)"]
[Site "Copenhagen"]
[Date "2000.07.27"]
[Round "10"]
[White "Dongart, Dennis"]
[Black "Hansen, Morten Lyck"]
[Result "1-0"]
[WhiteElo "2138"]
[BlackElo "1812"]
[Annotator "Dennis Dongart"]
[PlyCount "47"]
[EventDate "2000.07.17"]
[EventType "swiss"]
[EventRounds "11"]
[EventCountry "DEN"]
[SourceDate "2004.01.01"]

1. d4 {Efter knap 10 ars pause!} Nf6 2. c4 g6 3. Nc3 d5 4. cxd5 Nxd5 5. e4 Nxc3
6. bxc3 Bg7 7. Nf3 O-O $1 8. Rb1 c5 9. Be2 Qc7 ({Det normale er} 9... Nc6 10.
d5 {hvorefter sort kan valge mellem det hidsige 10...Lxc3+ eller det mere
rolige 10...Se5}) 10. O-O Bg4 11. Be3 Nc6 12. d5 Ne5 (12... Rfd8 13. Bxc5 {
duer ikke for sort}) 13. Nxe5 Bxe2 14. Qxe2 Bxe5 15. f4 Bg7 (15... Bxc3 16.
Rfc1 Bg7 17. Rxc5 Qd7 18. Rbc1 {ser godt ud for hvid}) 16. c4 a6 17. e5 Rfd8
18. a4 Rab8 19. Qd2 {Den skulle have varet til f2 med det samme} b6 20. Rfd1
Qd7 21. Qc2 Qc7 22. Qf2 {Nu fik den hvide dronning sit tabte tempo tilbage} f6
23. e6 a5 24. f5 $1 {[#]Sorts stilling er hablos.} (24. f5 {Sort er nodsaget
til} g5 {for at parere Lf4 men efter} 25. Qg3 Qxg3 26. hxg3 h5 27. g4 hxg4 28.
g3 {forer hvid med en lober}) 1-0

[Event "22. Copenhagen Open  (Politiken Cup)"]
[Site "Copenhagen"]
[Date "2000.07.27"]
[Round "10"]
[White "Einarson, Erland"]
[Black "Rubeksen, Thomas Hans"]
[Result "0-1"]
[WhiteElo "1100"]
[BlackElo "1210"]
[PlyCount "120"]
[EventDate "2000.07.17"]
[EventType "swiss"]
[EventRounds "11"]
[EventCountry "DEN"]
[SourceDate "2004.01.01"]

1. d4 d5 2. e3 c5 3. c3 e6 4. Bd3 Nc6 5. f4 Bd7 6. Nf3 Nf6 7. O-O Bd6 8. Ne5
O-O 9. Rf3 Ne8 10. Bxh7+ Kh8 11. Rh3 Nf6 12. Bd3+ Kg8 13. g4 c4 14. Bc2 g6 15.
g5 Nh5 16. Bxg6 Nxf4 17. exf4 fxg6 18. Nxg6 e5 19. Rh8+ Kg7 20. Nxf8 Kxh8 21.
Qh5+ Kg8 22. Qg6+ Kxf8 23. Qxd6+ Ke8 24. fxe5 Bh3 25. Bf4 Qc8 26. Qg6+ Ke7 27.
Qh7+ Ke8 28. Qg8+ Kd7 29. Qxd5+ Ke7 30. Qd6+ Kf7 31. g6+ Ke8 32. Bg3 Qf5 33.
Nd2 Qd3 34. g7 Ne7 35. Qf6 Qxd2 36. Bf2 Kd7 37. Qd6+ Ke8 38. e6 Qg5+ 39. Qg3
Qxg3+ 40. Bxg3 Bxe6 41. Rf1 Kd7 42. Rf8 Rd8 43. h4 Ng6 44. Rf6 Ne7 45. h5 Bg8
46. h6 Rc8 47. Be5 Rc6 48. Rxc6 Nxc6 49. Bf4 Ke7 50. d5 Nd8 51. d6+ Kd7 52. b3
cxb3 53. axb3 Nf7 54. Kf2 Nxd6 55. Bxd6 Kxd6 56. Ke3 Ke6 57. Kd4 Kf6 58. Kc5
Kg6 59. Kd6 Bxb3 60. Kc7 a5 0-1

[Event "22. Copenhagen Open  (Politiken Cup)"]
[Site "Copenhagen"]
[Date "2000.07.27"]
[Round "10"]
[White "Gislason, Ingolfur"]
[Black "Petersen, Steffen"]
[Result "1-0"]
[WhiteElo "1780"]
[BlackElo "2121"]
[PlyCount "47"]
[EventDate "2000.07.17"]
[EventType "swiss"]
[EventRounds "11"]
[EventCountry "DEN"]
[SourceDate "2004.01.01"]

1. d4 d5 2. c4 e5 3. dxe5 d4 4. Nf3 Nc6 5. g3 Bb4+ 6. Bd2 Qe7 7. Bg2 Nxe5 8.
O-O Bxd2 9. Qxd2 c5 10. Nxe5 Qxe5 11. b4 Nf6 12. Na3 O-O 13. bxc5 Qxc5 14. Qb2
Rb8 15. Nb5 Rd8 16. Rfd1 Be6 17. Nxd4 Bxc4 18. Rac1 b5 19. e3 a6 20. a3 Qh5 21.
Bf3 Ng4 22. h4 Qg6 23. Nc6 Rxd1+ 24. Rxd1 {[#]} 1-0